000 00233nam a2200097Ia 4500
001 689529
005 20250826161636.0
008 250824s9999 xx 000 0 und d
245 0 _aBUKRE
_cKAHRAMAN TAZEOĞLU
260 _bDESTEK YAYINLARI
999 _c689529
_d689529